| 000 | 00453nam a2200157Ia 4500 | ||
|---|---|---|---|
| 005 | 20251117114517.0 | ||
| 008 | 231207s9999 xx 000 0 und d | ||
| 040 | _cPK-LaNCA | ||
| 082 |
_a780.92 _bRAG |
||
| 245 | 0 | _aRaga mala: the autobiography of Ravi Shankar | |
| 260 |
_bGenesis Publications Limited _aSurrey _c1997 |
||
| 300 |
_a336p _bill |
||
| 546 | _aEnglish | ||
| 650 | _aMusiciana. Musician, Indian--Autobiography. Music. | ||
| 942 | _cPHOTOCOPY | ||
| 999 |
_c40053 _d40053 |
||